[Event "FICGS W-ch st1 g06 email"]
[Site "FICGS email"]
[Date "2020.11.05"]
[Round "1"]
[White "Kasabasic, Djordje"]
[Black "Denisov, Timofey"]
[Result "1/2-1/2"]
[WhiteElo "2136"]
[BlackElo "2004"]
[PlyCount "99"]
[EventDate "2020.??.??"]
[EventType "tourn (corr)"]
[EventRounds "8"]
[SourceTitle "Corr 2022"]
[Source "ChessBase"]
[SourceDate "2021.10.24"]
[SourceVersion "1"]
[SourceVersionDate "2021.10.24"]
[SourceQuality "1"]

1. e4 c5 2. Nf3 d6 3. d4 cxd4 4. Nxd4 Nf6 5. Nc3 a6 6. Bg5 Nbd7 7. f4 Qc7 8. Qf3 b5 9. 0-0-0 Bb7 10. Bd3 e6 11. Rhe1 Qb6 12. Bxf6 Nxf6 13. f5 0-0-0 14. Nb3 b4 15. Nb1 d5 16. N1d2 Kb8 17. Qg3+ Ka8 18. e5 Nd7 19. Nf3 h6 20. fxe6 fxe6 21. Qg4 a5 22. Nbd4 Nc5 23. Qg6 Nxd3+ 24. Rxd3 Bc8 25. Kb1 a4 26. Rc1 Bc5 27. c3 bxc3 28. Rcxc3 Rhf8 29. a3 Bd7 30. Rd2 Rf4 31. Ne2 Re4 32. Rdc2 Be3 33. Rc7 Bb5 34. Rc8+ Rxc8 35. Rxc8+ Kb7 36. Rg8 Ka6 37. Ra8+ Kb7 38. Rg8 Qc6 39. Nc3 Rc4 40. Rxg7+ Kb6 41. Qd3 d4 42. Nxb5 Qxb5 43. Ka2 Qd5 44. Rd7 Qxd7 45. Qxc4 d3 46. Qe4 Bg5 47. Qb4+ Ka6 48. Qc4+ Ka7 49. Qc5+ Kb8 50. Qb4+ 1/2-1/2

[Event "FICGS W-ch st1 g06 email"]
[Site "FICGS email"]
[Date "2020.11.05"]
[Round "1"]
[White "Kasabasic, Djordje"]
[Black "Kachibacha, Jobadi"]
[Result "1-0"]
[WhiteElo "2136"]
[BlackElo "1773"]
[PlyCount "139"]
[EventDate "2020.??.??"]
[EventType "tourn (corr)"]
[EventRounds "8"]
[SourceTitle "Corr 2022"]
[Source "ChessBase"]
[SourceDate "2021.10.24"]
[SourceVersion "1"]
[SourceVersionDate "2021.10.24"]
[SourceQuality "1"]

1. Nf3 d5 2. b3 Nc6 3. Bb2 Nf6 4. e3 Bg4 5. Bb5 e6 6. h3 Bxf3 7. Qxf3 Bd6 8. c4 0-0 9. Bxf6 Qxf6 10. Qxf6 gxf6 11. Bxc6 bxc6 12. Ke2 a5 13. Nc3 dxc4 14. bxc4 Rfb8 15. Rhc1 Kf8 16. Rab1 Rb4 17. Nd1 Be7 18. f4 f5 19. g4 h6 20. gxf5 exf5 21. c5 Rxb1 22. Rxb1 Bxc5 23. Rc1 Bd6 24. Rxc6 Ke7 25. Nc3 Kd7 26. Rc4 Rb8 27. Rd4 c6 28. Ra4 Ra8 29. Nd1 Ke6 30. Nb2 Rb8 31. Nd3 Ra8 32. Nc1 Bc5 33. Kd3 h5 34. Ne2 Rd8+ 35. Kc2 Ra8 36. h4 Bb6 37. Rc4 c5 38. Ng3 Rc8 39. Nxh5 Bd8 40. Ng3 Bxh4 41. Ne2 Kd5 42. Rc3 c4 43. Ra3 Bd8 44. Ng3 Ke6 45. Ne2 Kd5 46. Ra4 Bb6 47. Kc3 Rg8 48. Rxc4 Rg2 49. Nd4 Rxd2 50. Ra4 Rd1 51. Nxf5 Ke6 52. Nd4+ Kd5 53. Kc2 Rf1 54. Kd3 Rd1+ 55. Kc2 Rf1 56. Kd3 Rd1+ 57. Ke2 Rh1 58. Nb5 f5 59. Nc3+ Kd6 60. Kd3 Rc1 61. Ra3 Kc6 62. Na4 Rd1+ 63. Kc2 Ra1 64. Rc3+ Kb5 65. Kb2 Re1 66. Nxb6 Kxb6 67. a4 Rd1 68. Rb3+ Ka6 69. Ra3 Kb6 70. Kc2 1-0

[Event "ST-2020-0-00136"]
[Site "LSS email"]
[Date "2020.02.01"]
[Round "?"]
[White "Felicio, Clairton"]
[Black "Kasabasic, Djordje"]
[Result "1/2-1/2"]
[WhiteElo "2377"]
[BlackElo "2387"]
[PlyCount "67"]
[EventDate "2020.01.20"]
[EventType "tourn (corr)"]
[EventRounds "6"]
[EventCountry "GER"]
[SourceTitle "Corr 2022"]
[Source "ChessBase"]
[SourceDate "2021.10.24"]
[SourceVersion "1"]
[SourceVersionDate "2021.10.24"]
[SourceQuality "1"]

1. e4 e5 2. Nf3 Nc6 3. d4 exd4 4. Nxd4 Nf6 5. Nxc6 bxc6 6. e5 Qe7 7. Qe2 Nd5 8. c4 Nb6 9. Nd2 a5 10. Qe4 g6 11. Bd3 Bg7 12. 0-0 0-0 13. Nf3 d5 14. exd6 Qxe4 15. Bxe4 cxd6 16. Bxc6 Rb8 17. c5 dxc5 18. Bf4 Bf5 19. Bxb8 Rxb8 20. Rfe1 Bxb2 21. Rad1 Kg7 22. Re8 Rxe8 23. Bxe8 c4 24. Bb5 c3 25. Nd4 Kf6 26. Bd3 Bg4 27. f3 Bd7 28. Kf2 Ke7 29. Bc2 a4 30. g4 Nd5 31. Nf5+ gxf5 32. Rxd5 Be6 33. Rxf5 Bxf5 34. Bxf5 1/2-1/2

[Event "ST-2020-0-00136"]
[Site "LSS email"]
[Date "2020.02.01"]
[Round "?"]
[White "Wosch, Arkadiusz Janusz"]
[Black "Kasabasic, Djordje"]
[Result "1/2-1/2"]
[WhiteElo "2438"]
[BlackElo "2387"]
[PlyCount "134"]
[EventDate "2020.01.20"]
[EventType "tourn (corr)"]
[EventRounds "6"]
[EventCountry "GER"]
[SourceTitle "Corr 2022"]
[Source "ChessBase"]
[SourceDate "2021.10.24"]
[SourceVersion "1"]
[SourceVersionDate "2021.10.24"]
[SourceQuality "1"]

1. e4 e5 2. Nf3 Nc6 3. Bc4 Bc5 4. c3 Nf6 5. d3 d6 6. 0-0 h6 7. Re1 0-0 8. h3 a6 9. Bb3 Re8 10. Nbd2 Be6 11. Bxe6 Rxe6 12. b4 Ba7 13. Qc2 d5 14. Nb3 Nh5 15. Kh2 Re8 16. a4 Bb6 17. g3 Qd6 18. Kg2 Qe6 19. a5 Ba7 20. Be3 Bxe3 21. exd5 Qxd5 22. Rxe3 f5 23. Nc5 Nf6 24. Kh2 b6 25. axb6 cxb6 26. Nxa6 Rac8 27. Qe2 e4 28. dxe4 fxe4 29. Nd2 Ne5 30. b5 Nf7 31. Nb4 Qf5 32. Kg2 h5 33. c4 Ng5 34. Rh1 h4 35. Nc6 Rc7 36. g4 Qf4 37. Nb3 Rf7 38. Nbd4 g6 39. Rf1 Nd7 40. Qd1 Kh7 41. Qe1 Ra8 42. Ne2 Qc7 43. Ng1 Nc5 44. Nb4 Kg8 45. Nd5 Qd6 46. Qd2 Kh7 47. Rc3 Kh6 48. Re1 Rfa7 49. Rd1 Rf7 50. Qe1 Raf8 51. Rd2 Kh7 52. Kh1 Kg8 53. Nb4 Qe6 54. Ra2 Kh7 55. Qe3 Kh6 56. Kg2 Nd7 57. Nc6 Qe8 58. Rca3 Nc5 59. Nb4 Qe6 60. Rc3 Nd7 61. Nc6 Qd6 62. Rd2 Qf6 63. Ra3 Nc5 64. Nb4 Nce6 65. Nd5 Qe5 66. Rda2 Rc8 67. Ra4 Nd4 1/2-1/2

[Event "OP-2018-0-04557"]
[Site "LSS email"]
[Date "2018.03.25"]
[Round "?"]
[White "Prokopets, Vasilij"]
[Black "Kasabasic, Djordje"]
[Result "0-1"]
[WhiteElo "1344"]
[BlackElo "2339"]
[PlyCount "82"]
[EventDate "2018.03.18"]
[EventType "tourn (corr)"]
[EventRounds "4"]
[EventCountry "GER"]
[SourceTitle "Corr 2022"]
[Source "ChessBase"]
[SourceDate "2021.10.24"]
[SourceVersion "1"]
[SourceVersionDate "2021.10.24"]
[SourceQuality "1"]

1. e4 e5 2. Nf3 Nc6 3. Bb5 Nf6 4. 0-0 Nxe4 5. d4 Nd6 6. Bxc6 dxc6 7. dxe5 Nf5 8. Qxd8+ Kxd8 9. Bg5+ Ke8 10. Nc3 h6 11. Bd2 b6 12. Rfe1 Be6 13. Ne4 Kd8 14. a4 a5 15. b3 c5 16. Bc3 Kc8 17. Rad1 c4 18. bxc4 Bxc4 19. Nd4 Nxd4 20. Rxd4 Be6 21. Red1 Be7 22. Bb2 b5 23. axb5 a4 24. g4 a3 25. Ba1 h5 26. g5 Rd8 27. Rxd8+ Bxd8 28. Rd4 Ra5 29. c4 Ra4 30. c5 Rxd4 31. Bxd4 Bd5 32. Nc3 Bc4 33. f4 a2 34. Ne4 Bd3 35. Nd2 Be7 36. Nb3 Bxb5 37. Kf2 Bc4 38. Na1 Kd7 39. Kf3 Kc6 40. e6 Bxe6 41. Bxg7 Kxc5 0-1

[Event "OP-2018-0-04557"]
[Site "LSS email"]
[Date "2018.03.25"]
[Round "?"]
[White "Schulz, Rene"]
[Black "Kasabasic, Djordje"]
[Result "1/2-1/2"]
[WhiteElo "2131"]
[BlackElo "2339"]
[PlyCount "63"]
[EventDate "2018.03.18"]
[EventType "tourn (corr)"]
[EventRounds "4"]
[EventCountry "GER"]
[SourceTitle "Corr 2022"]
[Source "ChessBase"]
[SourceDate "2021.10.24"]
[SourceVersion "1"]
[SourceVersionDate "2021.10.24"]
[SourceQuality "1"]

1. e4 e5 2. Nf3 Nc6 3. Bb5 Nf6 4. 0-0 Nxe4 5. d4 Nd6 6. Bxc6 dxc6 7. dxe5 Nf5 8. Qxd8+ Kxd8 9. Rd1+ Ke8 10. Nc3 Ne7 11. h3 Ng6 12. b3 Be7 13. Bb2 Be6 14. Ne2 c5 15. Nd2 Rd8 16. c4 h5 17. Ne4 h4 18. f4 Bf5 19. Rxd8+ Kxd8 20. N4c3 c6 21. Nd1 Kc7 22. Kf2 Rd8 23. Ne3 Be4 24. Rd1 Rxd1 25. Nxd1 Nf8 26. Nec3 Bh7 27. Ke3 b6 28. Nf2 Ne6 29. Nce4 Bf5 30. Bc3 Kd7 31. Nd3 Kd8 32. Ndf2 1/2-1/2

[Event "FICGS W-ch st1 g02 email"]
[Site "FICGS email"]
[Date "2015.07.02"]
[Round "1"]
[White "Kasabasic, Djordje"]
[Black "Lundberg, Viktor"]
[Result "1-0"]
[WhiteElo "2138"]
[BlackElo "1394"]
[PlyCount "51"]
[EventDate "2015.??.??"]
[EventType "tourn (corr)"]
[EventRounds "8"]
[SourceTitle "Corr 2022"]
[Source "ChessBase"]
[SourceDate "2021.10.24"]
[SourceVersion "1"]
[SourceVersionDate "2021.10.24"]
[SourceQuality "1"]

1. e4 d6 2. d4 Nf6 3. Nc3 g6 4. f4 Bg7 5. Nf3 c5 6. Bb5+ Bd7 7. e5 Ng4 8. e6 fxe6 9. Ng5 Bxb5 10. Nxe6 Bxd4 11. Nxb5 Qa5+ 12. Qd2 Bf2+ 13. Kd1 Ne3+ 14. Ke2 Qxb5+ 15. Kxf2 Ng4+ 16. Kg3 Kd7 17. Re1 Nh6 18. b3 Nf5+ 19. Kf2 h5 20. Bb2 Rg8 21. g3 Na6 22. Rad1 Qc6 23. h3 c4 24. g4 hxg4 25. hxg4 cxb3 26. gxf5 1-0

[Event "FICGS W-ch st1 g02 email"]
[Site "FICGS email"]
[Date "2015.07.02"]
[Round "1"]
[White "Kopasov, Evgeny Aleksandrovi"]
[Black "Kasabasic, Djordje"]
[Result "1/2-1/2"]
[WhiteElo "1973"]
[BlackElo "2138"]
[PlyCount "57"]
[EventDate "2015.??.??"]
[EventType "tourn (corr)"]
[EventRounds "8"]
[SourceTitle "Corr 2022"]
[Source "ChessBase"]
[SourceDate "2021.10.24"]
[SourceVersion "1"]
[SourceVersionDate "2021.10.24"]
[SourceQuality "1"]

1. d4 Nf6 2. c4 e6 3. Nc3 Bb4 4. Qc2 0-0 5. Nf3 c5 6. dxc5 Na6 7. g3 Nxc5 8. Bg2 Nce4 9. 0-0 Nxc3 10. bxc3 Be7 11. e4 d6 12. e5 dxe5 13. Nxe5 Qc7 14. Qe2 Bd6 15. Bf4 Ne8 16. c5 Qxc5 17. c4 Qc7 18. Rab1 f6 19. Nd3 e5 20. c5 exf4 21. cxd6 Nxd6 22. Nxf4 Bf5 23. Nd5 Qc2 24. Qxc2 Bxc2 25. Rb2 Be4 26. Bxe4 Nxe4 27. Rxb7 Rf7 28. Rfb1 Nd6 29. Rb8+ 1/2-1/2

[Event "WC-2015-S-00007"]
[Site "LSS email"]
[Date "2015.06.02"]
[Round "?"]
[White "Bergmann, Michael"]
[Black "Kasabasic, Djordje"]
[Result "1/2-1/2"]
[WhiteElo "2532"]
[BlackElo "2319"]
[PlyCount "101"]
[EventDate "2015.06.10"]
[EventType "tourn (corr)"]
[EventRounds "12"]
[EventCountry "GER"]
[SourceTitle "Corr 2022"]
[Source "ChessBase"]
[SourceDate "2021.10.24"]
[SourceVersion "1"]
[SourceVersionDate "2021.10.24"]
[SourceQuality "1"]

1. d4 Nf6 2. c4 e6 3. Nf3 d5 4. Nc3 Be7 5. Bf4 0-0 6. e3 c5 7. dxc5 Bxc5 8. a3 Nc6 9. Qc2 Qa5 10. Rd1 Be7 11. Be2 Ne4 12. cxd5 Nxc3 13. bxc3 exd5 14. 0-0 Rd8 15. a4 Bf6 16. Nd4 Qc5 17. h3 b6 18. Nb5 Ne5 19. e4 Bb7 20. Be3 Qc6 21. Nd4 Qc7 22. f4 Nc4 23. Bxc4 dxc4 24. e5 Be7 25. Nb5 Qc6 26. Rxd8+ Bxd8 27. Nd6 Be7 28. Nxb7 Qxb7 29. Bd4 Qd5 30. Kh1 h6 31. Re1 Bh4 32. Re3 Rf8 33. Qe2 Qe6 34. Rf3 Qd5 35. Rf1 Be7 36. Qg4 Bc5 37. Rd1 Qe4 38. Bxc5 bxc5 39. Rd6 Qe3 40. Rxh6 Qxc3 41. Rh4 Qe1+ 42. Kh2 Qe4 43. Qh5 f6 44. exf6 Rxf6 45. Qxc5 Rc6 46. Qxa7 Rg6 47. Qb8+ Kf7 48. Qc7+ Kg8 49. Qd8+ Kf7 50. Qd7+ Kg8 51. Qc8+ 1/2-1/2

[Event "WC-2015-S-00007"]
[Site "LSS email"]
[Date "2015.06.02"]
[Round "?"]
[White "Kasabasic, Djordje"]
[Black "Muhl, Patrick"]
[Result "1/2-1/2"]
[WhiteElo "2319"]
[BlackElo "2471"]
[PlyCount "71"]
[EventDate "2015.06.10"]
[EventType "tourn (corr)"]
[EventRounds "12"]
[EventCountry "GER"]
[SourceTitle "Corr 2022"]
[Source "ChessBase"]
[SourceDate "2021.10.24"]
[SourceVersion "1"]
[SourceVersionDate "2021.10.24"]
[SourceQuality "1"]

1. e4 c5 2. Nf3 d6 3. d4 cxd4 4. Nxd4 Nf6 5. Nc3 a6 6. Be2 e5 7. Nb3 Be7 8. 0-0 0-0 9. Be3 Be6 10. Qd2 Nbd7 11. a4 Rc8 12. a5 Qc7 13. Rfe1 h6 14. h3 Rfd8 15. Bf3 Qc6 16. Rec1 Nc5 17. Nxc5 dxc5 18. Qe2 c4 19. Bb6 Rd7 20. Rd1 Bc5 21. Rxd7 Bxd7 22. Bxc5 Qxc5 23. Nd5 Nxd5 24. exd5 Re8 25. Qe3 Qb4 26. Qa3 Qd2 27. Be4 f5 28. Qd6 fxe4 29. Qxd7 Rf8 30. Qe6+ Kh7 31. Qxe5 Qxf2+ 32. Kh2 Qxc2 33. Ra3 Rf3 34. d6 Rxa3 35. Qf5+ Kh8 36. Qc8+ 1/2-1/2

[Event "CP-2014-Q-00006"]
[Site "LSS email"]
[Date "2014.12.02"]
[Round "?"]
[White "Szczepanski, Zbigniew"]
[Black "Kasabasic, Djordje"]
[Result "1/2-1/2"]
[WhiteElo "2519"]
[BlackElo "2332"]
[PlyCount "75"]
[EventDate "2014.12.08"]
[EventType "tourn (corr)"]
[EventRounds "6"]
[EventCountry "GER"]
[SourceTitle "Corr 2022"]
[Source "ChessBase"]
[SourceDate "2021.10.24"]
[SourceVersion "1"]
[SourceVersionDate "2021.10.24"]
[SourceQuality "1"]

1. e4 e5 2. Nf3 Nf6 3. Nxe5 d6 4. Nf3 Nxe4 5. Bd3 Nf6 6. 0-0 Be7 7. c3 0-0 8. Bc2 Bg4 9. d4 Nbd7 10. Bf4 d5 11. Nbd2 Re8 12. Re1 Bd6 13. Bxd6 Rxe1+ 14. Qxe1 cxd6 15. h3 Bxf3 16. Nxf3 g6 17. Qd2 Qa5 18. Bd3 Re8 19. Nh2 Nb6 20. Ng4 Nxg4 21. hxg4 Nc4 22. Qc1 Kg7 23. g5 Qd8 24. g3 Qe7 25. Bf1 Qe6 26. Bg2 Qf5 27. b3 Nb6 28. Qd2 Na8 29. f4 h6 30. gxh6+ Kxh6 31. Kf2 Kg7 32. Rd1 Nc7 33. Qd3 Qe6 34. a4 f5 35. a5 Re7 36. c4 dxc4 37. bxc4 Ne8 38. Bf3 1/2-1/2

[Event "FICGS W-ch st1 g04 email"]
[Site "FICGS email"]
[Date "2014.11.01"]
[Round "1"]
[White "Kasabasic, Djordje"]
[Black "Kirali, Hasan"]
[Result "1-0"]
[WhiteElo "2142"]
[BlackElo "1916"]
[PlyCount "75"]
[EventDate "2014.??.??"]
[EventType "tourn (corr)"]
[EventRounds "8"]
[SourceTitle "Corr 2022"]
[Source "ChessBase"]
[SourceDate "2021.10.24"]
[SourceVersion "1"]
[SourceVersionDate "2021.10.24"]
[SourceQuality "1"]

1. Nf3 c5 2. d4 cxd4 3. Nxd4 d5 4. g3 e5 5. Nb3 Nc6 6. Bg2 Be6 7. 0-0 h6 8. e4 d4 9. c3 Qb6 10. cxd4 exd4 11. Na3 Rd8 12. Bd2 Nf6 13. e5 Ng4 14. Nc4 Bxc4 15. Bxc6+ Qxc6 16. Na5 Qd5 17. Nxc4 Nxh2 18. Kxh2 Qxc4 19. Rc1 Qb5 20. Re1 Be7 21. Qg4 Qxb2 22. Qxg7 Rf8 23. Qxh6 Qxa2 24. Kg1 Qe6 25. Qh1 b6 26. Rc6 Qd5 27. Qh6 Bc5 28. Rc1 d3 29. Qf6 Be7 30. Qg7 Qa2 31. Qh6 Qd5 32. Rc7 Rd7 33. Qg7 a5 34. R7c6 Rd8 35. Rxb6 Bc5 36. Ra6 Qb7 37. Rxc5 Qxa6 38. e6 1-0

[Event "FICGS W-ch st1 g04 email"]
[Site "FICGS email"]
[Date "2014.11.01"]
[Round "1"]
[White "Kasabasic, Djordje"]
[Black "Pech, Stepan"]
[Result "1-0"]
[WhiteElo "2142"]
[BlackElo "1210"]
[PlyCount "47"]
[EventDate "2014.??.??"]
[EventType "tourn (corr)"]
[EventRounds "8"]
[SourceTitle "Corr 2022"]
[Source "ChessBase"]
[SourceDate "2021.10.24"]
[SourceVersion "1"]
[SourceVersionDate "2021.10.24"]
[SourceQuality "1"]

1. e4 c5 2. Nf3 d6 3. d4 cxd4 4. Nxd4 Nf6 5. Nc3 a6 6. Be2 e5 7. Nb3 Be7 8. 0-0 0-0 9. Be3 Be6 10. Qd2 Nbd7 11. a4 Rc8 12. a5 Qc7 13. Rfd1 Rfd8 14. Qe1 h6 15. h3 Qc6 16. Bf3 Nh7 17. Nd2 Re8 18. Qe2 Red8 19. Ra4 Bg5 20. Bg4 Bxg4 21. hxg4 Bxe3 22. Qxe3 Ndf6 23. Nc4 d5 24. Qb6 1-0

[Event "WC-2014-S-00003"]
[Site "LSS email"]
[Date "2014.10.12"]
[Round "?"]
[White "Fernandez, Javier Horacio"]
[Black "Kasabasic, Djordje"]
[Result "1-0"]
[WhiteElo "2315"]
[BlackElo "2322"]
[PlyCount "159"]
[EventDate "2014.10.15"]
[EventType "tourn (corr)"]
[EventRounds "12"]
[EventCountry "GER"]
[SourceTitle "Corr 2024"]
[Source "ChessBase"]
[SourceDate "2023.10.19"]
[SourceVersion "1"]
[SourceVersionDate "2023.10.19"]
[SourceQuality "1"]

1. d4 Nf6 2. c4 g6 3. g3 Bg7 4. Bg2 d5 5. cxd5 Nxd5 6. Nf3 Nb6 7. Nc3 Nc6 8. 0-0 Nxd4 9. Nxd4 Qxd4 10. a4 Qxd1 11. Rxd1 Bxc3 12. bxc3 a5 13. Bf4 c6 14. Bc7 Nd7 15. Bh3 Rg8 16. e4 g5 17. Rd4 g4 18. Bf1 Kf8 19. Rad1 Nc5 20. Bb6 Ne6 21. R4d2 h5 22. Be2 f6 23. h4 gxh3 24. Bxh5 Rh8 25. Be2 Ng5 26. f3 Kg7 27. Kh2 Be6 28. Rb2 Bc8 29. Rd3 e5 30. Re3 Re8 31. Rd2 Ne6 32. Bd3 Nd8 33. Bc4 Nf7 34. Be2 Nh6 35. c4 Ra6 36. Rb2 Ra8 37. Bc5 Rh8 38. Rd2 Nf7 39. Bb6 Ra6 40. c5 Ra8 41. f4 Re8 42. f5 Ng5 43. Rd6 Nf7 44. Rd1 Ng5 45. Bc4 Re7 46. g4 Rd7 47. Red3 Rxd3 48. Bxd3 Bd7 49. Bc2 Be8 50. Rd6 Nf7 51. Re6 Ng5 52. Re7+ Bf7 53. Rxb7 Nf3+ 54. Kxh3 Rh8+ 55. Kg3 Ng5 56. Bxa5 Rh3+ 57. Kg2 Ra3 58. Kf1 Ra2 59. Bd1 Rh2 60. Rb4 Rh1+ 61. Ke2 Rg1 62. Kd2 Rg2+ 63. Ke3 Rg1 64. Be2 Rg3+ 65. Kf2 Ra3 66. Bd8 Bb3 67. Bd3 Nh3+ 68. Ke1 Bxa4 69. Kd2 Nf2 70. Be2 Bb5 71. Bxb5 cxb5 72. Bb6 Ra4 73. Rxa4 bxa4 74. Kc3 Nxe4+ 75. Kb4 Kh6 76. c6 Kg5 77. c7 Nd6 78. Bc5 a3 79. Kb3 Nc8 80. Bxa3 1-0

[Event "WC-2014-S-00003"]
[Site "LSS email"]
[Date "2014.10.12"]
[Round "?"]
[White "Kasabasic, Djordje"]
[Black "Miettinen, Kristo"]
[Result "1/2-1/2"]
[WhiteElo "2322"]
[BlackElo "2260"]
[PlyCount "76"]
[EventDate "2014.10.15"]
[EventType "tourn (corr)"]
[EventRounds "12"]
[EventCountry "GER"]
[SourceTitle "Corr 2024"]
[Source "ChessBase"]
[SourceDate "2023.10.19"]
[SourceVersion "1"]
[SourceVersionDate "2023.10.19"]
[SourceQuality "1"]

1. Nf3 g6 2. c4 Bg7 3. Nc3 c5 4. g3 Nc6 5. Bg2 e6 6. d4 cxd4 7. Nb5 d5 8. cxd5 exd5 9. 0-0 Nge7 10. Bf4 0-0 11. Qd2 Bg4 12. Nbxd4 Qb6 13. Be3 Qa6 14. h3 Bxf3 15. Bxf3 Rad8 16. b3 Ne5 17. Bg2 Rd7 18. Rac1 Re8 19. Rc5 Qd6 20. Nb5 Qb8 21. Rfc1 N5c6 22. h4 d4 23. Bg5 a6 24. Nc3 h6 25. Bf4 Qd8 26. Ne4 d3 27. e3 Nd5 28. Rxd5 Rxd5 29. Nc5 Bb2 30. Qxb2 d2 31. Rd1 Rxc5 32. Rxd2 Qa5 33. Bxh6 Qc3 34. Qxc3 Rxc3 35. Kf1 Rd8 36. Ke2 Rxd2+ 37. Kxd2 Rc5 38. Be4 Re5 1/2-1/2

[Event "WC-2014-S-00003"]
[Site "LSS email"]
[Date "2014.10.12"]
[Round "?"]
[White "Kasabasic, Djordje"]
[Black "Yarmolyuk, Yury"]
[Result "1/2-1/2"]
[WhiteElo "2322"]
[BlackElo "2269"]
[PlyCount "43"]
[EventDate "2014.10.15"]
[EventType "tourn (corr)"]
[EventRounds "12"]
[EventCountry "GER"]
[SourceTitle "Corr 2024"]
[Source "ChessBase"]
[SourceDate "2023.10.19"]
[SourceVersion "1"]
[SourceVersionDate "2023.10.19"]
[SourceQuality "1"]

1. Nf3 Nf6 2. c4 c6 3. g3 d5 4. Bg2 dxc4 5. 0-0 Nbd7 6. Qc2 Nb6 7. a4 a5 8. Na3 Qd5 9. Ne1 Bf5 10. Bxd5 Bxc2 11. Bxc6+ bxc6 12. Naxc2 g6 13. d3 Bg7 14. Ne3 cxd3 15. Nxd3 0-0 16. Rd1 Rfc8 17. Nc5 Nfd5 18. Ra3 e6 19. Rb3 Bf8 20. Nxd5 exd5 21. Rxb6 Bxc5 22. Rb3 1/2-1/2

[Event "FICGS W-ch st1 g06 email"]
[Site "FICGS email"]
[Date "2014.03.03"]
[Round "1"]
[White "Archip, Laurentiu"]
[Black "Kasabasic, Djordje"]
[Result "0-1"]
[WhiteElo "1546"]
[BlackElo "2121"]
[PlyCount "48"]
[EventDate "2014.??.??"]
[EventType "tourn (corr)"]
[EventRounds "8"]
[SourceTitle "Corr 2022"]
[Source "ChessBase"]
[SourceDate "2021.10.24"]
[SourceVersion "1"]
[SourceVersionDate "2021.10.24"]
[SourceQuality "1"]

1. c4 Nf6 2. Nf3 e6 3. g3 b6 4. Bg2 Bb7 5. 0-0 Be7 6. Nc3 0-0 7. d4 Ne4 8. Nxe4 Bxe4 9. a3 d5 10. cxd5 Qxd5 11. b4 Nc6 12. e3 a5 13. bxa5 Rxa5 14. Bd2 Rxa3 15. Rxa3 Bxa3 16. Qa4 Bxf3 17. Bxf3 Qxf3 18. Qxa3 Nxd4 19. Re1 Nc2 20. Qc3 Nxe1 21. Bxe1 Qe2 22. Qd2 Qxd2 23. Bxd2 Rd8 24. Bb4 c5 0-1

[Event "FICGS W-ch st1 g06 email"]
[Site "FICGS email"]
[Date "2014.03.03"]
[Round "1"]
[White "Casals, Quim"]
[Black "Kasabasic, Djordje"]
[Result "0-1"]
[WhiteElo "1800"]
[BlackElo "2121"]
[PlyCount "54"]
[EventDate "2014.??.??"]
[EventType "tourn (corr)"]
[EventRounds "8"]
[SourceTitle "Corr 2022"]
[Source "ChessBase"]
[SourceDate "2021.10.24"]
[SourceVersion "1"]
[SourceVersionDate "2021.10.24"]
[SourceQuality "1"]

1. e4 c5 2. Nf3 d6 3. d4 cxd4 4. Nxd4 Nf6 5. Nc3 a6 6. Be2 e5 7. Nf5 d5 8. Bd3 dxe4 9. Nxe4 Bxf5 10. Qe2 Nxe4 11. Bxe4 Bxe4 12. Qxe4 Nc6 13. 0-0 Bc5 14. Be3 Bxe3 15. fxe3 0-0 16. Rad1 Qb6 17. b3 Rad8 18. a3 Qc5 19. a4 Nb4 20. Rc1 f5 21. Qxb7 f4 22. Kh1 fxe3 23. Rxf8+ Rxf8 24. h3 e2 25. Qe4 Rf1+ 26. Kh2 Qg1+ 27. Kg3 Qf2+ 0-1

[Event "FICGS W-ch st1 g06 email"]
[Site "FICGS email"]
[Date "2014.03.03"]
[Round "1"]
[White "Kasabasic, Djordje"]
[Black "Delaney, Alan"]
[Result "1/2-1/2"]
[WhiteElo "2121"]
[BlackElo "2044"]
[PlyCount "57"]
[EventDate "2014.??.??"]
[EventType "tourn (corr)"]
[EventRounds "8"]
[SourceTitle "Corr 2022"]
[Source "ChessBase"]
[SourceDate "2021.10.24"]
[SourceVersion "1"]
[SourceVersionDate "2021.10.24"]
[SourceQuality "1"]

1. Nf3 Nf6 2. c4 e6 3. d4 d5 4. Nc3 Be7 5. Bg5 h6 6. Bh4 0-0 7. e3 Ne4 8. Bxe7 Qxe7 9. Rc1 c6 10. Bd3 Nxc3 11. Rxc3 dxc4 12. Bxc4 Nd7 13. 0-0 b6 14. Bd3 c5 15. Be4 Rb8 16. Qa4 Nf6 17. Bc6 cxd4 18. exd4 a5 19. Rfc1 Bb7 20. Ne5 Nd5 21. Bxd5 Bxd5 22. Qc2 Rbd8 23. a3 Ba8 24. Rd1 Qg5 25. g3 Rd6 26. Rc7 Qh5 27. Rd2 f6 28. Ng6 Qf3 29. Ne7+ 1/2-1/2

[Event "FICGS W-ch st1 g06 email"]
[Site "FICGS email"]
[Date "2014.03.03"]
[Round "1"]
[White "Kasabasic, Djordje"]
[Black "Salonen, Jukka"]
[Result "1-0"]
[WhiteElo "2121"]
[BlackElo "1939"]
[PlyCount "85"]
[EventDate "2014.??.??"]
[EventType "tourn (corr)"]
[EventRounds "8"]
[SourceTitle "Corr 2022"]
[Source "ChessBase"]
[SourceDate "2021.10.24"]
[SourceVersion "1"]
[SourceVersionDate "2021.10.24"]
[SourceQuality "1"]

1. d4 d5 2. Nf3 e6 3. c4 Nf6 4. Nc3 Be7 5. Bg5 0-0 6. e3 Nbd7 7. Rc1 h6 8. Bh4 b6 9. cxd5 exd5 10. Bd3 c5 11. 0-0 Bb7 12. Bf5 g6 13. Bxd7 Qxd7 14. Ne5 Qf5 15. f4 Rfe8 16. a4 Kg7 17. h3 h5 18. Bg5 Rac8 19. Ne2 Ne4 20. g4 hxg4 21. hxg4 Qe6 22. f5 gxf5 23. gxf5 Qd6 24. Bf4 Rg8 25. Ng3 Nxg3 26. Qg4+ Kf8 27. Nd7+ Ke8 28. Qxg8+ Kxd7 29. Qxg3 Qf6 30. Be5 Bd6 31. Bxf6 Bxg3 32. Kg2 Bd6 33. Kf3 Rf8 34. Rh1 Ba6 35. Be5 Be7 36. f6 Bd6 37. Bxd6 Kxd6 38. Rh5 cxd4 39. exd4 Bc8 40. Rch1 Bd7 41. Rh8 Rxh8 42. Rxh8 Bxa4 43. Kf4 1-0

[Event "BI-2013-F-0003"]
[Site "LSS email"]
[Date "2014.02.21"]
[Round "?"]
[White "Kasabasic, Djordje"]
[Black "Gruber, Rudolf"]
[Result "1-0"]
[WhiteElo "2202"]
[BlackElo "2138"]
[PlyCount "73"]
[EventDate "2014.02.27"]
[EventType "tourn (corr)"]
[EventRounds "10"]
[EventCountry "GER"]
[SourceTitle "Corr 2015"]
[Source "ChessBase"]
[SourceDate "2015.07.17"]
[SourceVersion "1"]
[SourceVersionDate "2015.07.17"]
[SourceQuality "1"]

1. e4 e6 2. d4 d5 3. Nc3 Bb4 4. e5 c5 5. a3 Bxc3+ 6. bxc3 Ne7 7. Qg4 0-0 8. Bd3 c4 9. Bh6 Ng6 10. Bxg6 fxg6 11. Be3 Nc6 12. h4 Rf5 13. Ne2 Bd7 14. Ng3 Qa5 15. Bd2 h5 16. Qd1 Rff8 17. Ne2 Ne7 18. Bg5 Nf5 19. Qd2 Kh7 20. Nf4 Rf7 21. g4 hxg4 22. Ke2 Kg8 23. h5 gxh5 24. Nxh5 g3 25. fxg3 Raf8 26. Bf6 gxf6 27. Nxf6+ Rxf6 28. Qg5+ Kf7 29. Qxf6+ Ke8 30. Rh8 Nxg3+ 31. Kd1 Rxh8 32. Qxh8+ Kf7 33. Qf6+ Ke8 34. Qg6+ Kd8 35. Qxg3 Kc7 36. Kd2 Qa4 37. Qg7 1-0